| 000 | 00394 a2200169 4500 | ||
|---|---|---|---|
| 001 | 157518 | ||
| 020 | _a978-85-01-10951-4 | ||
| 040 | _cEscola São Tomás de Aquino | ||
| 100 | _aChirovici, Eugen Ovidiu | ||
| 240 | 1 | 0 |
_aO livro dos espelhos _lpor |
| 245 | 1 | 0 | _aO livro dos espelhos |
| 300 | _a320 | ||
| 362 | 0 | _a2017 | |
| 440 | 1 | _aRecord | |
| 697 | _aLiteratura americana | ||
| 942 | _cBK | ||
| 999 |
_c157518 _d157518 |
||